MARC

LEADER 00000nam0a2200000 4500
001 365540
005 20231102011808.0
035 |a (RuTPU)RU\TPU\retro\22903 
090 |a 365540 
100 |a 20220112d1981 km y0rusy50 ca 
101 0 |a rus 
102 |a RU 
105 |a a z 001zy 
200 1 |a Методические рекомендации к атласу тектонических карт и опорных профилей Сибири  |f Академия наук СССР, Сибирское отделение, Институт геологии и геофизики 
210 |a Новосибирск  |c [Б. и.]  |d 1981 
215 |a 88 с.  |c ил. 
320 |a Библиогр.: с. 83-87 
606 1 |a Тектонические карты  |x Составление  |2 stltpush  |3 (RuTPU)RU\TPU\subj\58785  |9 76536 
610 1 |a Сибирь 
610 1 |a Сибирь 
610 1 |a тектоника 
610 1 |a Западно-Сибирская плита 
610 1 |a Сибирская платформа 
610 1 |a фундамент 
610 1 |a поверхности 
610 1 |a рельеф 
610 1 |a земная кора 
610 1 |a опорные разрезы 
610 1 |a трехмерные геолого-геофизические модели 
610 1 |a построение 
610 1 |a литосфера 
610 1 |a осадочный чехол 
610 1 |a зоны разлома 
610 1 |a активность 
675 |a 551.24:528.9  |v 4 
712 0 2 |a Академия наук СССР  |b Сибирское отделение  |b Институт геологии и геофизики  |c (Новосибирск)  |c (1957-1990)  |2 stltpush  |3 (RuTPU)RU\TPU\col\128  |9 23211 
801 1 |a RU  |b 63413507  |c 20220112 
942 |c BK